[Event "Chaumont/LTR"]
[Site "?"]
[Date "2011.02.06"]
[Round "5"]
[White "LOUIS, Sophie"]
[Black "LOUOT, Catherine"]
[Result "1-0"]
[WhiteElo "1410"]
[BlackElo "1545"]
[PlyCount "99"]
[EventDate "2011.02.06"]
[SourceDate "2011.02.06"]

1. e4 e5 2. Nf3 Nc6 3. Bc4 Bc5 4. O-O d6 5. h3 Nf6 6. Nc3 O-O 7. d3 h6 8. Re1
Be6 9. Bxe6 fxe6 10. Be3 Nd4 11. a3 Nxf3+ 12. Qxf3 Nd5 13. Qg3 Nxe3 14. fxe3 d5
15. exd5 exd5 16. Qxe5 c6 17. d4 Bd6 18. Qe6+ Kh8 19. Rf1 Qc7 20. Ne2 Rfe8 21.
Qg6 Re7 22. Rf3 Rg8 23. Raf1 Rd7 24. Nf4 Bxf4 25. Rxf4 Rd6 26. Rf7 Rxg6 27.
Rxc7 Rb8 28. Rff7 a5 29. Rxb7 Re8 30. Rbe7 Rb8 31. b3 a4 32. Rb7 Ra8 33. b4 Rg3
34. Kf2 Rg6 35. Kg1 Rg3 36. Rfc7 Kh7 37. b5 cxb5 38. Rxb5 Re8 39. Rbc5 Rd8 40.
c4 dxc4 41. Rxc4 Ra8 42. d5 Ra5 43. d6 Rd5 44. Rd4 Rxd4 45. exd4 Rxa3 46. d7
Ra1+ 47. Kh2 Rb1 48. d8=Q a3 49. Ra7 Ra1 50. Qe7 1-0

[Event "Bogny/Epernay"]
[Site "?"]
[Date "2011.02.06"]
[Round "5"]
[White "GUYON, Cyndie"]
[Black "DURANT, Christophe"]
[Result "1/2-1/2"]
[WhiteElo "1914"]
[BlackElo "1953"]
[PlyCount "58"]
[EventDate "2011.02.10"]
[SourceDate "2011.02.10"]

1. d4 d5 2. c4 Nc6 3. Nf3 Bg4 4. e3 e5 5. Be2 e4 6. Nfd2 Bxe2 7. Qxe2 Nb4 8.
Na3 Nd3+ 9. Kf1 Bxa3 10. bxa3 f5 11. Rb1 Nf6 12. h3 O-O 13. g3 b6 14. Qd1 c5
15. dxc5 Nxc5 16. Bb2 Rc8 17. Bxf6 Rxf6 18. cxd5 Qxd5 19. Nb3 Nd3 20. Kg2 Rfc6
21. Nd4 Qxa2 22. Qb3+ Qxb3 23. Rxb3 Rc5 24. Rhb1 g6 25. h4 h5 26. Kf1 Ra5 27.
Rd1 Kf7 28. f3 Nc5 29. Rc3 Rd8 1/2-1/2

[Event "Bogny/Epernay"]
[Site "?"]
[Date "2011.02.06"]
[Round "5"]
[White "CREPAUX, Jean Marie"]
[Black "LEGHBALI, Sophiane"]
[Result "0-1"]
[WhiteElo "1908"]
[BlackElo "1912"]
[PlyCount "82"]
[EventDate "2011.02.10"]
[SourceDate "2011.02.10"]

1. e4 e6 2. d4 d5 3. e5 c5 4. c3 Nc6 5. Nf3 Nge7 6. Bd3 cxd4 7. cxd4 Nf5 8.
Bxf5 exf5 9. Nc3 Be6 10. O-O Be7 11. Be3 O-O 12. Qd2 Na5 13. Qd3 Rc8 14. a3 Nc4
15. Rab1 Qc7 16. Rfc1 Qd7 17. Bf4 h6 18. h4 a6 19. g3 Rc6 20. Qe2 Rfc8 21. Nd1
Qd8 22. Ne3 g5 23. hxg5 hxg5 24. Nxg5 Bxg5 25. Qh5 Bxf4 26. gxf4 Nxe3 27. Rxc6
Rxc6 28. fxe3 Kf8 29. Kf2 Ke7 30. Qg5+ Kd7 31. Qxd8+ Kxd8 32. Ke2 Kc7 33. Kd3
Kb6 34. Rh1 Kb5 35. Rh7 Ka4 36. Rh2 Kb3 37. Rg2 Rc7 38. Rh2 Bd7 39. Rh7 Kxb2
40. a4 Bxa4 41. e6 Rc2 0-1

[Event "Bogny/Epernay"]
[Site "?"]
[Date "2011.02.06"]
[Round "5"]
[White "RENARD, Luc"]
[Black "COLLINET, Laurent"]
[Result "0-1"]
[WhiteElo "1782"]
[BlackElo "1800"]
[PlyCount "66"]
[EventDate "2011.02.10"]
[SourceDate "2011.02.10"]

1. d4 Nf6 2. Nf3 g6 3. Bg5 Bg7 4. Nbd2 c5 5. e3 cxd4 6. exd4 Qa5 7. c3 d6 8.
Bd3 Nbd7 9. O-O O-O 10. Re1 Re8 11. Qb3 Rb8 12. a4 Nf8 13. c4 Ne6 14. Be3 Ng4
15. c5 Nxe3 16. fxe3 dxc5 17. Bb5 Rf8 18. d5 Ng5 19. Rac1 a6 20. Bc4 Bd7 21.
Qc2 Nxf3+ 22. Nxf3 Qxa4 23. b3 Qb4 24. Bd3 Rbc8 25. e4 b5 26. Kh1 c4 27. bxc4
bxc4 28. Bf1 Bb5 29. Qf2 Bc3 30. Red1 Ba4 31. Rb1 Bb3 32. Nd4 Qc5 33. Qe3 Bxd1
0-1

[Event "Bogny/Epernay"]
[Site "?"]
[Date "2011.02.06"]
[Round "5"]
[White "PITHOIS, Fabien"]
[Black "WACZECKIA, Jerome"]
[Result "1/2-1/2"]
[WhiteElo "1846"]
[BlackElo "1766"]
[PlyCount "61"]
[EventDate "2011.02.10"]
[SourceDate "2011.02.10"]

1. c4 b6 2. Nc3 e6 3. Nf3 Bb7 4. g3 f5 5. Bg2 Nf6 6. O-O a6 7. d4 Bd6 8. a3 O-O
9. b4 Nc6 10. c5 Be7 11. cxb6 cxb6 12. d5 exd5 13. Nxd5 Nxd5 14. Qxd5+ Kh8 15.
Qd2 Bf6 16. Bb2 d5 17. e3 Qd7 18. Rfd1 Rad8 19. Rac1 Kg8 20. Bxf6 Rxf6 21. Qa2
Rd6 22. Rd2 Kf8 23. Re1 Ne7 24. Qb2 Nc6 25. Ne5 Qe6 26. Nxc6 Bxc6 27. Rc1 Qf6
28. Qxf6+ Rxf6 29. Rcc2 Ba4 30. Rc7 d4 31. Rxd4 1/2-1/2

[Event "Bogny/Epernay"]
[Site "?"]
[Date "2011.02.06"]
[Round "5"]
[White "ALCIDI, Valentin"]
[Black "TATARD, Marie"]
[Result "1/2-1/2"]
[WhiteElo "1806"]
[BlackElo "1860"]
[PlyCount "103"]
[EventDate "2011.02.10"]
[SourceDate "2011.02.10"]

1. d4 Nf6 2. Bg5 g6 3. Bxf6 exf6 4. e3 Bg7 5. Nd2 O-O 6. Be2 d5 7. c4 c6 8.
cxd5 Qxd5 9. Ngf3 Qe6 10. O-O f5 11. Bc4 Qe7 12. Re1 Nd7 13. Rc1 Nf6 14. Qc2
Ne4 15. Bd3 Nxd2 16. Nxd2 Be6 17. a3 Qc7 18. Bc4 Bxc4 19. Qxc4 Rad8 20. Nf3 Qd6
21. g3 Qd5 22. Qxd5 Rxd5 23. b4 h6 24. Rc4 Re8 25. Rec1 Bf8 26. Ne5 Kg7 27. Nd3
Rd7 28. a4 Rc8 29. b5 Rdc7 30. bxc6 Rxc6 31. Rxc6 Rxc6 32. Rxc6 bxc6 33. Kf1
Bd6 34. Ke2 Kf6 35. Kd2 Ke6 36. Kc3 a5 37. Kc4 f6 38. Nc5+ Ke7 39. f3 g5 40. e4
f4 41. gxf4 Bxf4 42. h3 Bd2 43. d5 cxd5+ 44. exd5 f5 45. Nb7 h5 46. d6+ Kd7 47.
Kd5 Bb4 48. Ke5 g4 49. fxg4 fxg4 50. hxg4 hxg4 51. Kf4 Bxd6+ 52. Kxg4 1/2-1/2

[Event "Bogny/Epernay"]
[Site "?"]
[Date "2011.02.06"]
[Round "5"]
[White "PUECH, Armel"]
[Black "FLAMANT, Jacky"]
[Result "1-0"]
[WhiteElo "1670"]
[BlackElo "1817"]
[PlyCount "111"]
[EventDate "2011.02.10"]
[SourceDate "2011.02.10"]

1. e4 e6 2. d4 d5 3. e5 c5 4. c3 Nc6 5. Nf3 Nge7 6. Be2 Nf5 7. b3 Qb6 8. Bb2
cxd4 9. cxd4 Bb4+ 10. Kf1 Bd7 11. g4 Nh6 12. h3 Rc8 13. a3 Be7 14. b4 O-O 15.
Bc1 Nxd4 16. Be3 Nxe2 17. Bxb6 Rc1 18. Qxc1 Nxc1 19. Bxa7 Bb5+ 20. Kg2 Nb3 21.
Ra2 Rc8 22. Be3 f6 23. exf6 Bd6 24. Re1 Nf7 25. Rb2 Bc4 26. Nbd2 Nxd2 27. Bxd2
e5 28. fxg7 Kxg7 29. Nh4 Kf6 30. Nf5 Bb8 31. Ne3 b5 32. f3 d4 33. Nf5 h5 34.
Ng3 hxg4 35. hxg4 Ng5 36. Rh1 Kg6 37. Rh5 Nf7 38. Rb1 Bd5 39. Rc1 Rxc1 40. Bxc1
Ba7 41. Nf5 Kf6 42. Bb2 Bb8 43. Nxd4 Ng5 44. Nxb5 Nxf3 45. Kf2 Nd2 46. Rh8 Ne4+
47. Ke1 Bd6 48. Rh6+ Ke7 49. g5 Be6 50. Rh7+ Kf8 51. Nxd6 Nxd6 52. Bxe5 Nc4 53.
Bf6 Nxa3 54. Kf2 Nb5 55. g6 Nd6 56. Be7+ 1-0

[Event "Bogny/Epernay"]
[Site "?"]
[Date "2011.02.06"]
[Round "5"]
[White "PRIOUX, Michel"]
[Black "MARCHAL, Ludovic"]
[Result "1-0"]
[WhiteElo "1802"]
[BlackElo "1660"]
[PlyCount "79"]
[EventDate "2011.02.10"]
[SourceDate "2011.02.10"]

1. Nf3 Nf6 2. d4 g6 3. c4 Bg7 4. Nc3 O-O 5. Bf4 d6 6. h3 c5 7. d5 Nh5 8. Bg5 h6
9. Bd2 e6 10. e4 exd5 11. exd5 Re8+ 12. Be2 Qe7 13. Be3 Na6 14. O-O Nf6 15. Qd2
Kh7 16. a3 Nd7 17. Rfe1 Nc7 18. Bd3 Qf6 19. Bf4 Ne5 20. Nxe5 dxe5 21. Bg3 Bf5
22. Ne4 Bxe4 23. Rxe4 Qd6 24. Rae1 Re7 25. f4 Rae8 26. Bh4 Bf6 27. Bxf6 Qxf6
28. Qe2 Qg7 29. fxe5 Rd7 30. Bc2 b5 31. d6 Ne6 32. cxb5 Nd4 33. Qc4 Nxc2 34.
Qxc2 f6 35. Qxc5 Rxe5 36. Rxe5 fxe5 37. Rxe5 Qf7 38. Re7 Rxe7 39. dxe7 Kg7 40.
Qe5+ 1-0

[Event "Bogny/Epernay"]
[Site "?"]
[Date "2011.02.06"]
[Round "5"]
[White "FREZIER, Sébastien"]
[Black "HUSSON, Christophe"]
[Result "1/2-1/2"]
[WhiteElo "1660"]
[BlackElo "1680"]
[PlyCount "91"]
[EventDate "2011.02.06"]
[SourceDate "2011.02.18"]

1. e4 c5 2. Nf3 Nc6 3. Bc4 e6 4. Nc3 a6 5. a4 d6 6. O-O Nf6 7. d3 Be7 8. Re1
O-O 9. Bg5 Qc7 10. Qc1 Ng4 11. Bxe7 Qxe7 12. Qg5 Qxg5 13. Nxg5 h6 14. Nf3 Nge5
15. Nxe5 Nxe5 16. Bb3 Nc6 17. Ne2 Bd7 18. c3 Na5 19. Bc2 Nc6 20. b3 e5 21. f4
Bg4 22. f5 Bxe2 23. Rxe2 g5 24. fxg6 fxg6 25. Rf1 Rxf1+ 26. Kxf1 Rf8+ 27. Rf2
Rxf2+ 28. Kxf2 Kg7 29. g4 g5 30. Kg3 a5 31. h4 Nd8 32. hxg5 hxg5 33. Kf3 Ne6
34. Ke3 Kf6 35. Kd2 b6 36. Kc1 Nf4 37. Kb2 Ng2 38. Bd1 Nf4 39. Bc2 Nh3 40. Bd1
Nf2 41. Be2 Nh3 42. Bf1 Nf4 43. Ka3 Ne6 44. b4 cxb4+ 45. cxb4 Nd4 46. bxa5
1/2-1/2

[Event "Chalons/Rethel"]
[Site "?"]
[Date "2011.02.06"]
[Round "5"]
[White "VINOT, Serge"]
[Black "VEDOVOTTO, Nicolas"]
[Result "1-0"]
[WhiteElo "2176"]
[BlackElo "2120"]
[PlyCount "85"]
[EventDate "2011.02.10"]
[SourceDate "2011.02.10"]

1. d4 d5 2. c4 e6 3. Nc3 c6 4. cxd5 exd5 5. Nf3 Nf6 6. Bg5 Be7 7. e3 O-O 8. Qc2
Nbd7 9. Bd3 Re8 10. O-O h6 11. Bf4 Nh5 12. Nxd5 Nxf4 13. Nxf4 Bd6 14. Ne2 g5
15. Ng3 g4 16. Nf5 gxf3 17. Nxd6 fxg2 18. Kxg2 Re6 19. Nxc8 Rxc8 20. Kh1 c5 21.
Rg1+ Kf8 22. Rac1 Rd6 23. Bf5 Rcc6 24. Be4 Rc7 25. b4 b6 26. dxc5 bxc5 27. Qc3
Nf6 28. Bf3 Rd2 29. Rcd1 Rxd1 30. Rxd1 Qe7 31. Rc1 c4 32. Rd1 Qe6 33. Rd4 Ke7
34. b5 Qf5 35. Qb4+ Ke8 36. Bc6+ Nd7 37. Qd6 c3 38. Qxc7 Qb1+ 39. Kg2 Qg6+ 40.
Qg3 Qxg3+ 41. hxg3 c2 42. Bxd7+ Ke7 43. Rc4 1-0

[Event "Chalons/Rethel"]
[Site "?"]
[Date "2011.02.06"]
[Round "5"]
[White "NOIZET, Donatien"]
[Black "DONRAULT, Patrick"]
[Result "0-1"]
[WhiteElo "2199"]
[BlackElo "1962"]
[PlyCount "72"]
[EventDate "2011.02.10"]
[SourceDate "2011.02.10"]

1. e4 e6 2. d4 d5 3. exd5 exd5 4. Nf3 Bd6 5. Nc3 c6 6. h3 Ne7 7. Bd3 Bf5 8. Ne2
Qc7 9. c3 h6 10. Nh4 Bxd3 11. Qxd3 Nd7 12. Nf5 Nxf5 13. Qxf5 Nf6 14. Bf4 Qd7
15. Qxd7+ Kxd7 16. Bxd6 Kxd6 17. O-O Rae8 18. Rfe1 g6 19. Nf4 b6 20. Nd3 Nd7
21. b4 Rxe1+ 22. Rxe1 Ra8 23. Rb1 a5 24. b5 c5 25. a4 cxd4 26. cxd4 Rc8 27. Rc1
Rc4 28. f4 f6 29. Kf2 Rxd4 30. Rc6+ Ke7 31. Ke3 Rxa4 32. g4 Ra3 33. Kd4 Rb3 34.
g5 hxg5 35. fxg5 fxg5 36. Rxg6 Rxd3+ 0-1

[Event "Chalons/Rethel"]
[Site "?"]
[Date "2011.02.06"]
[Round "5"]
[White "SALAZAR, Diégo"]
[Black "SOHIER, Renaud"]
[Result "0-1"]
[WhiteElo "2025"]
[BlackElo "1937"]
[PlyCount "94"]
[EventDate "2011.02.10"]
[SourceDate "2011.02.10"]

1. c4 Nf6 2. Nc3 e6 3. g3 c6 4. Bg2 d5 5. cxd5 cxd5 6. d4 Nc6 7. e3 Bb4 8. Bd2
O-O 9. Nge2 Bd7 10. a3 Bd6 11. O-O Na5 12. e4 dxe4 13. Nxe4 Nxe4 14. Bxe4 Rb8
15. Bc3 Qb6 16. Qd2 Nb3 17. Qg5 h6 18. Qh5 Nxa1 19. Bd2 Qb5 20. d5 exd5 21. Nd4
Qxb2 22. Bxh6 Qxd4 23. Bh7+ Kh8 24. Bf4 Bxf4 25. gxf4 Qxf4 26. Bf5+ Qh6 27.
Qxh6+ gxh6 28. Bxd7 Nc2 29. a4 Rg8+ 30. Kh1 Rbd8 31. Bf5 Nd4 32. Bd3 Nf3 33.
Be2 Ne5 34. f4 Ng4 35. Bf3 b6 36. h3 Ne3 37. Re1 d4 38. Be4 Rg3 39. Kh2 Rdg8
40. f5 Nc4 41. Bd5 Re3 42. Rd1 Re2+ 43. Kh1 Ne3 44. Rxd4 Nf1 45. Rg4 Rxg4 46.
hxg4 Kg7 47. Bc4 Re1 0-1

[Event "Chalons/Rethel"]
[Site "?"]
[Date "2011.02.06"]
[Round "5"]
[White "MEUNIER, Samuel"]
[Black "VEILLERETTE, Patrick"]
[Result "1-0"]
[WhiteElo "1945"]
[BlackElo "1880"]
[PlyCount "47"]
[EventDate "2011.02.10"]
[SourceDate "2011.02.10"]

1. e4 d5 2. exd5 Qxd5 3. Nc3 Qa5 4. d4 Nf6 5. Bd3 Bg4 6. f3 Bh5 7. Nge2 e6 8.
O-O c6 9. Bf4 Nbd7 10. Ne4 Nd5 11. Bd2 Qc7 12. a3 N7f6 13. c4 Nxe4 14. fxe4 Nf6
15. Bf4 Qd8 16. Qd2 Bxe2 17. Bxe2 Nxe4 18. Qd3 Nf6 19. Rae1 Be7 20. Rf3 O-O 21.
Be5 Rc8 22. c5 b5 23. Rh3 g6 24. Qe3 1-0

[Event "Chalons/Rethel"]
[Site "?"]
[Date "2011.02.06"]
[Round "5"]
[White "HARNICK, Cecilien"]
[Black "BINIAUX, Mickael"]
[Result "1-0"]
[WhiteElo "1953"]
[BlackElo "1738"]
[PlyCount "47"]
[EventDate "2011.02.10"]
[SourceDate "2011.02.10"]

1. e4 d5 2. exd5 Qxd5 3. Nc3 Qa5 4. d4 c6 5. Bc4 Nf6 6. Nf3 Bg4 7. h3 Bh5 8.
Qe2 e6 9. a3 Nbd7 10. Bd2 Qf5 11. O-O-O O-O-O 12. g4 Nxg4 13. Bd3 Qa5 14. hxg4
Bxg4 15. Rdg1 f5 16. Qe3 Re8 17. Ne5 Nxe5 18. dxe5 Bc5 19. Qf4 g5 20. Qxg5 Bxa3
21. bxa3 Qxa3+ 22. Kb1 Qb4+ 23. Ka1 Qa5+ 24. Na2 1-0

[Event "Chalons/Rethel"]
[Site "?"]
[Date "2011.02.06"]
[Round "5"]
[White "DELIAS, Gerard"]
[Black "THYES, Romuald"]
[Result "1-0"]
[WhiteElo "1580"]
[BlackElo "1920"]
[PlyCount "89"]
[EventDate "2011.02.10"]
[SourceDate "2011.02.10"]

1. c4 c5 2. Nf3 Nf6 3. d4 cxd4 4. Nxd4 d5 5. cxd5 Nxd5 6. e4 Nb6 7. Bb5+ Bd7 8.
O-O e5 9. Bxd7+ N8xd7 10. Nb5 Bc5 11. Nd6+ Bxd6 12. Qxd6 Qe7 13. Qxe7+ Kxe7 14.
Bd2 Rhc8 15. Na3 a6 16. Rac1 Rxc1 17. Rxc1 Rc8 18. Rxc8 Nxc8 19. Nc4 Ncb6 20.
Na5 Na4 21. b3 Nac5 22. Bb4 b6 23. Nb7 Ke6 24. Bxc5 Nxc5 25. Nxc5+ bxc5 26. Kf1
Kd6 27. Ke2 Kc6 28. Kd3 Kb5 29. Kc3 g6 30. f3 f5 31. g3 fxe4 32. fxe4 h5 33. h4
Kc6 34. Kc4 Kd6 35. a3 Kc6 36. b4 cxb4 37. axb4 Kd6 38. b5 axb5+ (38... a5) 39.
Kxb5 Kd7 40. Kc5 Ke6 41. Kc6 Ke7 42. Kd5 Kf6 43. Kd6 g5 44. Kd5 g4 45. Kd6 1-0

[Event "Chalons/Rethel"]
[Site "?"]
[Date "2011.02.06"]
[Round "5"]
[White "DIGOT, Jeremy"]
[Black "MOTIN, Jean Charles"]
[Result "0-1"]
[WhiteElo "1740"]
[BlackElo "1510"]
[PlyCount "58"]
[EventDate "2011.02.10"]
[SourceDate "2011.02.10"]

1. d4 d5 2. c4 e6 3. Nf3 Nc6 4. Nc3 Nf6 5. Bg5 Be7 6. e3 b6 7. cxd5 Nxd5 8. Bb5
Bd7 9. Nxd5 exd5 10. Bxe7 Qxe7 11. O-O O-O 12. Rc1 Qd6 13. Bxc6 Bxc6 14. Qc2
Bb5 15. Rfe1 Rac8 16. Qb3 a6 17. a4 Bd7 18. Ne5 Rfe8 19. e4 Be6 20. Rc6 Qd8 21.
Qc2 dxe4 22. Rxe6 Rxe6 23. Rxe4 Qe8 24. f4 g6 25. Qc4 Kg7 26. d5 Re7 27. Rd4 f6
28. Ng4 h5 29. Nxf6 Re1+ 0-1

[Event "Chalons/Rethel"]
[Site "?"]
[Date "2011.02.06"]
[Round "5"]
[White "PIERLOT, Aurore"]
[Black "SALAZAR, Cecile"]
[Result "0-1"]
[WhiteElo "1440"]
[BlackElo "1360"]
[PlyCount "75"]
[EventDate "2011.02.10"]
[SourceDate "2011.02.10"]

1. e4 e5 2. Nf3 Nc6 3. Bc4 Nf6 4. Ng5 d5 5. exd5 Nxd5 6. d3 Be7 7. Nxf7 Kxf7 8.
Qf3+ Ke8 9. Bxd5 Rf8 10. Qe4 Rf4 11. Bxf4 exf4 12. Qxf4 Qxd5 13. O-O Be6 14.
Nc3 Qd6 15. Qe4 Kd7 16. Rfd1 Rf8 17. g3 Rf5 18. d4 Nb4 19. a3 Nd5 20. Nb5 Qb6
21. Re1 Rf6 22. c4 Bf5 23. Qxd5+ Bd6 24. Nxd6 cxd6 25. b4 Be6 26. Qg5 Qxd4 27.
Qxg7+ Bf7 28. Re2 Kc6 29. Qxh7 Qxa1+ 30. Kg2 Bxc4 31. Qe4+ d5 32. Qe8+ Kd6 33.
Qe7+ Kc6 34. Qxf6+ Qxf6 35. Rc2 Qe5 36. Rc1 Qe4+ 37. Kg1 Qd3 38. Kh1 0-1

[Event "N4 Blagny / Troyes"]
[Site "?"]
[Date "2011.02.06"]
[Round "5.7"]
[White "Romain, Emeline"]
[Black "Goumet, jean"]
[Result "1/2-1/2"]
[WhiteElo "1780"]
[BlackElo "1670"]
[PlyCount "47"]
[EventDate "2011.02.06"]
[SourceDate "2011.02.06"]

1. d4 g6 2. Nf3 Bg7 3. e3 d5 4. c4 dxc4 5. Bxc4 Nf6 6. O-O O-O 7. Nc3 a6 8. a4
Bg4 9. Be2 c6 10. a5 Ne8 11. b4 Nc7 12. Bb2 Nd5 13. Qb3 e6 14. Na4 Nd7 15. Nc5
Rb8 16. h3 Bxf3 17. Bxf3 Nc7 18. Rfc1 Nb5 19. Qc2 Qe7 20. Be2 Rfc8 21. Qd2 Rd8
22. Qc2 Rdc8 23. Qd2 Rd8 24. Qc2 1/2-1/2

[Event "N4 Blagny / Troyes"]
[Site "?"]
[Date "2011.02.06"]
[Round "5.1"]
[White "Monaville, Guy"]
[Black "Chery, Quentin"]
[Result "1-0"]
[WhiteElo "2096"]
[BlackElo "1810"]
[PlyCount "59"]
[EventDate "2011.02.06"]
[SourceDate "2011.02.06"]

1. e4 e5 2. f4 exf4 3. Nf3 d6 4. d4 Bg4 5. Bxf4 Nd7 6. Bd3 Ngf6 7. Nbd2 g6 8.
O-O Bg7 9. h3 Bxf3 10. Nxf3 O-O 11. Qd2 Re8 12. Rae1 Re7 13. Bg5 Qe8 14. Qf4
Rd8 15. e5 dxe5 16. dxe5 Nh5 17. Qb4 f6 18. exf6 Ndxf6 19. Qxe7 Qxe7 20. Rxe7
Bf8 21. Bxf6 Nxf6 22. Rfe1 Bxe7 23. Rxe7 Rd7 24. Rxd7 Nxd7 25. Kf2 Kg7 26. Ke3
Kf6 27. Kd4 g5 28. Bxh7 a5 29. Be4 b5 30. Bc6 1-0

[Event "N4 Blagny / Troyes"]
[Site "?"]
[Date "2011.02.06"]
[Round "5.8"]
[White "Guerin, Patrick"]
[Black "Chebridon, Jean Louis"]
[Result "1-0"]
[WhiteElo "1580"]
[BlackElo "1427"]
[PlyCount "51"]
[EventDate "2011.02.06"]
[SourceDate "2011.02.06"]

1. e4 d5 2. exd5 Qxd5 3. Nc3 Qa5 4. d4 e5 5. d5 Nf6 6. Bc4 Bb4 7. Bd2 Bg4 8. f3
Bf5 9. a3 Bxc3 10. Bxc3 Qc5 11. Bb3 Nbd7 12. Qd2 O-O-O 13. O-O-O Nb6 14. Bxe5
Nbxd5 15. Bd4 Qb5 16. Ne2 Rhe8 17. Rhe1 Ne3 18. Nc3 Qa6 19. Rxe3 c5 20. Rxe8
Nxe8 21. Qf4 Bg6 22. Bxc5 Rxd1+ 23. Nxd1 f6 24. Qe3 Kb8 25. Qe7 Qa5 26. Bd5 1-0

[Event "N4 Blagny / Troyes"]
[Site "?"]
[Date "2011.02.06"]
[Round "5.6"]
[White "Guerin, Antonin"]
[Black "Fourcart, Marc"]
[Result "1-0"]
[WhiteElo "1740"]
[BlackElo "1707"]
[Annotator "Marc"]
[PlyCount "65"]
[EventDate "2011.02.06"]
[SourceDate "2011.02.06"]

1. d4 Nf6 2. Nf3 g6 3. c4 Bg7 4. Nc3 d5 5. Bf4 Be6 6. Qb3 b6 7. Nb5 O-O 8. Nxc7
dxc4 9. Qd1 Nd5 10. Nxe6 fxe6 11. Bg3 b5 12. e3 Nd7 13. Be2 Qa5+ 14. Qd2 Qb6 (
14... c3 15. bxc3) (14... Qxd2+ 15. Nxd2 c3) 15. O-O Rac8 16. Rac1 N7f6 17. Qd1
Ne4 18. Nd2 Nxg3 19. hxg3 e5 20. dxe5 Bxe5 (20... Rcd8) (20... Nxe3 {
j'avais vaguement regardé cela mais par équipe ..} 21. fxe3 Qxe3+ 22. Kh1 Qh6+
23. Kg1 Rcd8 {aprés l'analyse j'aurais dù suite mon intuision!}) 21. Nxc4 Qe6
22. Bg4 Rf5 23. Bxf5 gxf5 24. Nxe5 Rxc1 25. Qxc1 Qxe5 26. Rd1 Kf7 27. Qc5 e6
28. Qxb5 Qe4 29. Qd3 Qg4 30. Qd4 Qg5 31. Qxa7+ Kg6 32. Qa6 Kf6 33. Rxd5 1-0

[Event "N4 Blagny / Troyes"]
[Site "?"]
[Date "2011.02.06"]
[Round "5.5"]
[White "Peltriaux, Guillaume"]
[Black "Pelade, Thierry"]
[Result "1-0"]
[WhiteElo "1891"]
[BlackElo "1730"]
[PlyCount "63"]
[EventDate "2011.02.06"]
[SourceDate "2011.02.06"]

1. e4 e5 2. Nf3 Nf6 3. d3 Nc6 4. c3 h6 5. Nbd2 Bc5 6. Nc4 Ng4 7. Be3 Nxe3 8.
Nxe3 Bxe3 9. fxe3 d6 10. Be2 Be6 11. O-O Qd7 12. d4 Bg4 13. Bb5 a6 14. Ba4 b5
15. Bb3 O-O 16. a3 Kh8 17. Qc2 Rae8 18. Rf2 Re7 19. Raf1 Na5 20. Ba2 Bh5 21.
Rd2 Qc6 22. b3 exd4 23. Rxd4 Bg6 24. Nd2 Rfe8 25. b4 Nb7 26. c4 Nd8 27. c5 Re5
28. Qc1 dxc5 29. Bd5 Qb6 30. bxc5 Qa5 31. Nb3 Qxa3 32. Qxa3 1-0

[Event "N4 Blagny / Troyes"]
[Site "?"]
[Date "2011.02.06"]
[Round "5.3"]
[White "Dubuisson, Thomas"]
[Black "Tassetti, Florent"]
[Result "1-0"]
[WhiteElo "1999"]
[BlackElo "1682"]
[PlyCount "43"]
[EventDate "2011.02.06"]
[SourceDate "2011.02.06"]

1. e4 c6 2. Nc3 d5 3. f4 dxe4 4. Nxe4 Bf5 5. Nf2 e6 6. Nf3 Nf6 7. d4 Nbd7 8.
Bd3 Bg6 9. c3 c5 10. O-O cxd4 11. Nxd4 Bxd3 12. Nxd3 Nc5 13. Ne5 Nfd7 14. Qg4
a6 15. b4 Nxe5 16. fxe5 Na4 17. Rxf7 Qd5 (17... Kxf7 18. Qxe6#) 18. Rc7 Rd8 19.
Bg5 Bxb4 20. Bxd8 Kxd8 21. Nxe6+ Ke8 22. Nxg7+ 1-0

[Event "N4 Blagny / Troyes"]
[Site "?"]
[Date "2011.02.06"]
[Round "5.4"]
[White "Goncalves, David"]
[Black "Hanot, Wilfried"]
[Result "1/2-1/2"]
[WhiteElo "1740"]
[BlackElo "1872"]
[PlyCount "106"]
[EventDate "2011.02.06"]
[SourceDate "2011.02.06"]

1. f4 d5 2. b3 c6 3. e3 Nf6 4. Nf3 Bf5 5. Bb2 Nbd7 6. Be2 e6 7. d3 Qb6 8. Nd4
Bg6 9. O-O Bd6 10. Nd2 O-O 11. a4 Rfe8 12. a5 Qc7 13. N4f3 e5 14. Nh4 exf4 15.
exf4 Bxf4 16. Ndf3 Ng4 17. h3 Ne3 18. Qb1 Nxf1 19. Kxf1 Bg3 20. Bd4 Qf4 21.
Nxg6 hxg6 22. Ra4 Qf5 23. Qb2 f6 24. Qc3 Re6 25. Bf2 Bxf2 26. Kxf2 g5 27. Qb4
Rae8 28. Bd1 R6e7 29. Qd2 Ne5 30. g4 Nxf3 31. Bxf3 Re2+ 32. Qxe2 Rxe2+ 33. Kxe2
Qe5+ 34. Kd2 Qh2+ 35. Be2 Qxh3 36. Rb4 Qg3 37. Rxb7 Qf2 38. b4 Qf4+ 39. Kd1 Qd4
40. Kd2 g6 41. c3 Qf2 42. d4 Qf4+ 43. Kd1 Qe3 44. Rxa7 Qxc3 45. Rb7 Qxd4+ 46.
Ke1 Qc3+ {Et nul mais pour moi les noirs gagnent par :} 47. Kf2 (47. Kd1 d4 {
le principe et de bloquer le fou et d'attaquer le pion a} 48. Rd7 (48. a6 d3
49. a7 Qc2+ 50. Ke1 Qxe2#) 48... Qb3+ 49. Kc1 Kf8 50. a6 Ke8 {
et les noirs gagnent}) 47... d4 48. a6 Qe3+ 49. Kf1 d3 50. Bd1 Qc1 51. Ke1 Qc3+
52. Kf1 Qa1 53. Ke1 Qxa6 1/2-1/2

[Event "N4 Blagny / Troyes"]
[Site "?"]
[Date "2011.02.06"]
[Round "5.2"]
[White "Chittier, Celine"]
[Black "Giorgetti, Cyril"]
[Result "1/2-1/2"]
[WhiteElo "1906"]
[BlackElo "1949"]
[PlyCount "82"]
[EventDate "2011.02.06"]
[SourceDate "2011.02.06"]

1. Nf3 d5 2. d4 e6 3. Bf4 Nf6 4. e3 c5 5. c4 Nc6 6. Nc3 a6 7. Be2 dxc4 8. Bxc4
cxd4 9. exd4 b5 10. Bb3 Bb7 11. d5 exd5 12. Nxd5 Nxd5 13. Bxd5 Bb4+ 14. Kf1 O-O
15. Ng5 h6 16. Nxf7 Rxf7 17. Bxf7+ Kxf7 18. Qb3+ Kf8 19. h4 Qf6 20. Rh3 Be7 21.
Bg5 Qf7 22. Rf3 Bf6 23. Bxf6 Qxb3 24. Bxg7+ Kxg7 25. Rxb3 Rd8 26. Re3 Kf6 27.
Rae1 Bc8 28. f3 a5 29. Rc1 Rd6 30. Rec3 Bb7 31. g4 b4 32. Rc5 a4 33. f4 Ba6+
34. Kg1 Nd4 35. Kf2 Ne6 36. g5+ hxg5 37. hxg5+ Kg7 38. Rf5 Rd2+ 39. Ke3 Re2+
40. Kf3 Nd4+ 41. Kg4 Nxf5 1/2-1/2

[Event "Echiquier Aubois / Bogny"]
[Site "?"]
[Date "2011.03.20"]
[Round "6"]
[White "Husson, Christophe"]
[Black "Guerin, patrick"]
[Result "1-0"]
[WhiteElo "1680"]
[BlackElo "1560"]
[PlyCount "87"]
[EventDate "2009.11.22"]
[SourceDate "2011.03.20"]

1. c4 c5 2. Nc3 Nc6 3. g3 g6 4. Bg2 Bg7 5. Nf3 Nf6 6. O-O O-O 7. d3 d6 8. a3
Rb8 9. Rb1 Bg4 10. h3 Bd7 11. Bd2 Qc8 12. Kh2 a6 13. Qc1 Re8 14. b4 b6 15. b5
Nd8 16. a4 a5 17. Nd1 e5 18. Ng5 Ne6 19. Nxe6 Bxe6 20. e4 Nd7 21. f4 f5 22. Nc3
Rf8 23. exf5 Rxf5 24. Ne4 Qc7 25. Ng5 Bf7 26. g4 Rf6 27. Ne4 Re6 28. f5 Ree8
29. f6 Bh8 30. g5 Nf8 31. Nc3 Qd8 32. Bc6 Re6 33. Nd5 h5 34. gxh6 Kh7 35. Bg5
Rc8 36. Ne7 Rc7 37. Bd5 Qb8 38. Qd1 Qd8 39. Qf3 Qb8 40. h4 Qd8 41. Be4 Bxf6 42.
Bxf6 Rxf6 43. Qxf6 Kxh6 44. Nf5+ 1-0

[Event "Echiquier Aubois / Bogny"]
[Site "?"]
[Date "2011.03.20"]
[Round "6"]
[White "Chery, Quentin"]
[Black "Leghbali, Sophiane"]
[Result "1/2-1/2"]
[WhiteElo "1810"]
[BlackElo "1916"]
[PlyCount "82"]
[EventDate "2009.11.22"]
[SourceDate "2011.03.20"]

1. e4 e6 2. d4 d5 3. exd5 exd5 4. Bf4 Bd6 5. Qd2 Ne7 6. Bd3 Nbc6 7. c3 Bf5 8.
Ne2 O-O 9. O-O Re8 10. Qc2 Bxd3 11. Qxd3 Ng6 12. Bxd6 Qxd6 13. Nd2 Re6 14. Rfe1
Rae8 15. Nf3 a6 16. Qd2 Qe7 17. Ng3 Nh4 18. Rxe6 Nxf3+ 19. gxf3 Qxe6 20. Qf4
Qe7 21. Nf5 Qf6 22. Qg4 Qg6 23. Ne3 Ne7 24. Re1 Kf8 25. Qxg6 Nxg6 26. Kf1 Nf4
27. Nc2 Rxe1+ 28. Nxe1 Ke7 29. b4 b5 30. a3 Kf6 31. Ng2 Nxg2 32. Kxg2 Kf5 33.
Kg3 g5 34. h3 c6 35. f4 h5 36. fxg5 Kxg5 37. f4+ Kf5 38. Kf3 Kg6 39. Kg3 Kf5
40. Kf3 h4 41. Ke3 Kg6 1/2-1/2